| 000 | 01714cam a22003134a 4500 | ||
|---|---|---|---|
| 001 | 13810380 | ||
| 003 | OSt | ||
| 005 | 20140311162958.0 | ||
| 008 | 041209s2005 miu b 000 0 eng | ||
| 010 | _a 2004029364 | ||
| 020 | _a0800759486 (pbk.) | ||
| 040 |
_aDLC _cDLC _dDLC |
||
| 042 | _apcc | ||
| 050 | 0 | 0 |
_aBJ 1631 _b.J65 2005 |
| 100 | 1 |
_aJones, Donna. _d1961- |
|
| 245 | 1 | 0 |
_aTaming your family zoo : _bsix weeks to raising a well-mannered child / _cDonna Jones. |
| 260 |
_aGrand Rapids, MI : _bRevell, _c2005. |
||
| 300 |
_a202 p. : _c22 cm. |
||
| 504 | _aIncludes bibliographical references. | ||
| 505 | 0 | _aThere is hope! -- How to raise a brat -- Manners made easy : no nagging required -- The first absolutely, positively essential principle for taming your family zoo -- The second absolutely, positively essential principle for taming your family zoo -- It's all about me, or is it? -- Week 1: Everyday manners for everyday monkeys -- Week 2: Meeting and greeting requires more than a grunt -- Week 3: Table manners : it's feeding time at the zoo -- Week 4: The (telephone) call of the wild -- Week 5: Party time in the jungle -- Week 6: Swinging with the other monkeys -- Putting it all together : what to expect and when. | |
| 521 | _aEDU | ||
| 650 | 0 | _aEtiquette for children and teenagers. | |
| 650 | 0 |
_aChild rearing _xReligious aspects _xChristianity.. |
|
| 856 | 4 | 1 |
_3Table of contents _uhttp://www.loc.gov/catdir/toc/ecip057/2004029364.html |
| 906 |
_a7 _bcbc _corignew _d1 _eecip _f20 _gy-gencatlg |
||
| 942 |
_2lcc _cBK _kFOR |
||
| 999 |
_c39120 _d39120 |
||